[Event "Tempo de 30 dias"]
[Site "http://www.queenalice.com/game.php?id=686341"]
[Date "2009.11.21"]
[Round "-"]
[White "raymundo"]
[Black "gremista1971"]
[Result "1-0"]
[WhiteElo "1755"]
[BlackElo "1823"]

1. c4 e5 2. Nc3 Nf6 3. g3 Bc5 4. Bg2 Ng4 5. e3 d6 6. Nge2 Qf6 7. f3 Nh6 8. Nd5
Qd8 9. O-O c6 10. Ndc3 O-O 11. d4 exd4 12. exd4 Bb4 13. Qb3 Na6 14. Bxh6 gxh6
15. a3 Ba5 16. Qc2 Bb6 17. Qd2 Qf6 18. Ne4 Qg6 19. Rac1 Rd8 20. Nf4 Qg7 21. Nh5
Qg6 22. Nef6+ Kf8 23. Qf4 Be6 24. Rce1 Nc7 25. Kh1 Ne8 26. Rxe6 Nxf6 27. Nxf6
Qg7 28. Rxd6 Bc7 29. Rxd8+ Bxd8 30. Nd7+ Ke8 31. Re1+ Kxd7 32. Bh3+ f5 33. Bxf5#
1-0

[Event "Tempo de 30 dias"]
[Site "http://www.queenalice.com/game.php?id=687026"]
[Date "2009.11.22"]
[Round "-"]
[White "gremista1971"]
[Black "digger"]
[Result "1-0"]
[WhiteElo "1801"]
[BlackElo "1612"]

1. e4 e5 2. Nf3 Nc6 3. Bc4 Bc5 4. d3 Qf6 5. Bg5 Qg6 6. a3 f6 7. Bh4 d6 8. c3 Bg4
9. h3 Bd7 10. b4 Bb6 11. b5 Na5 12. a4 Qxg2 13. Rg1 Bxf2+ 14. Bxf2 Qxh3 15. Rxg7
Bg4 16. Nbd2 Bxf3 17. Nxf3 O-O-O 18. Ng1 Qh6 19. Rg4 Nxc4 20. dxc4 Ne7 21. Qe2
f5 22. Rg3 f4 23. Rh3 Qf6 24. Bxa7 b6 25. a5 bxa5 26. Rxa5 Kd7 27. Bf2 Nc8 28.
Bh4 Qg6 29. Bxd8 Qxg1+ 30. Qf1 Qxf1+ 31. Kxf1 Kxd8 32. Rh5 Nb6 33. c5 Nc8 34. b6
cxb6 35. cxb6 Nxb6 36. c4 Kc7 37. c5 Nc4 38. cxd6+ Kxd6 39. Rh6+ Ke7 40. Ra7+
Kf8 41. Rc6 Nd6 42. Rxd6 Ke8 43. Rb6 1-0

[Event "Tempo de 30 dias"]
[Site "http://www.queenalice.com/game.php?id=694506"]
[Date "2009.12.8"]
[Round "-"]
[White "gremista1971"]
[Black "ZZZZ"]
[Result "0-1"]
[WhiteElo "1820"]
[BlackElo "1756"]

1. e4 e5 2. Nf3 Bd6 3. Nc3 c6 4. Bc4 b5 5. Bd3 Nh6 6. h3 Na6 7. a3 Bb8 8. Be2
Nc5 9. b4 Ne6 10. d3 a6 11. h4 Qb6 12. a4 Ba7 13. O-O Qc7 14. g3 d5 15. exd5 Nd4
16. Nxd4 exd4 17. Bf4 Qd7 18. dxc6 Qh3 19. Bf3 dxc3 20. c7 Bg4 21. Qe1+ Be6 22.
Bxa8 Ng4 23. Bc6+ Ke7 24. Bg5+ f6 25. Qxe6+ Kxe6 26. Rfe1+ Kd6 27. Bf3 Qh2+ 28.
Kf1 Qxf2# 0-1

[Event "Tempo de 30 dias"]
[Site "http://www.queenalice.com/game.php?id=694507"]
[Date "2009.12.8"]
[Round "-"]
[White "ZZZZ"]
[Black "gremista1971"]
[Result "1-0"]
[WhiteElo "1775"]
[BlackElo "1801"]

1. e4 e5 2. Qh5 d6 3. Bc4 g6 4. Qf3 Be6 5. Bxe6 fxe6 6. Ne2 d5 7. O-O Nf6 8. d3
Nc6 9. Bg5 Be7 10. Bh6 Nb4 11. Na3 Qd6 12. Bg7 Rg8 13. Bxf6 Rf8 14. Bxe7 Qxe7
15. Qg3 Nc6 16. c3 a6 17. Nc2 O-O-O 18. Nb4 Nxb4 19. cxb4 Qxb4 20. Qxe5 Rde8 21.
Rac1 Rf7 22. a3 Qd2 23. Nd4 Qxb2 24. Rc2 Qxa3 25. Rfc1 c6 26. exd5 exd5 27.
Qxe8+ Kc7 28. Qxf7+ Kb6 29. Rb1+ Ka5 30. Qxb7 c5 31. Qb6+ Ka4 32. Qxa6# 1-0

[Event "AUTO-OPEN-1453"]
[Site "http://www.queenalice.com/game.php?id=715058"]
[Date "2010.1.16"]
[Round "3"]
[White "Matrick"]
[Black "gremista1971"]
[Result "1-0"]
[WhiteElo "2338"]
[BlackElo "1784"]

1. d4 d5 2. c4 c6 3. e3 Nf6 4. Nf3 Bg4 5. Nc3 Ne4 6. Qb3 Qb6 7. cxd5 Nxc3 8.
dxc6 Qxb3 9. axb3 Nxc6 10. bxc3 f6 11. d5 Ne5 12. Nxe5 fxe5 13. Bb2 e6 14. f3
Bf5 15. e4 Bg6 16. dxe6 a6 17. Bb5+ Kd8 18. O-O-O+ Kc7 19. Bd7 Bd6 20. c4 Be8
21. Rd5 Bxd7 22. exd7 Rad8 23. c5 Be7 24. Rhd1 Bf6 25. Bc3 Kc6 26. Ba5 Rb8 27.
Rd6+ Kb5 28. Rb6+ Kxa5 29. Kb2 g5 30. Ra1# 1-0

[Event "AUTO-OPEN-1453"]
[Site "http://www.queenalice.com/game.php?id=715059"]
[Date "2010.1.16"]
[Round "3"]
[White "gremista1971"]
[Black "Matrick"]
[Result "0-1"]
[WhiteElo "1782"]
[BlackElo "2339"]

1. e4 c5 2. Nc3 d6 3. Bb5+ Bd7 4. Bc4 Nf6 5. h3 e6 6. g4 Bc6 7. d3 d5 8. Bb3
dxe4 9. dxe4 Qxd1+ 10. Kxd1 Nxe4 11. Nxe4 Bxe4 12. f3 Bc6 13. Bg5 Bd6 14. Bc4 h5
15. gxh5 Rxh5 16. Bd2 Be5 17. Bc3 Nd7 18. Ke2 Bxc3 19. bxc3 Rh4 20. Bd3 c4 21.
Be4 Bxe4 22. fxe4 Rxe4+ 23. Kf3 f5 24. h4 Ne5+ 25. Kg2 Rd8 26. Nf3 Rg4+ 27. Kf2
Rf4 28. Rh3 Nxf3 29. Rxf3 Rxh4 30. Rg1 Rd2+ 31. Ke3 Rxc2 32. Rxg7 Re4# 0-1

[Event "AUTO-OPEN-1453"]
[Site "http://www.queenalice.com/game.php?id=715060"]
[Date "2010.1.16"]
[Round "3"]
[White "rdononato"]
[Black "gremista1971"]
[Result "1-0"]
[WhiteElo "1974"]
[BlackElo "1780"]

1. e4 e5 2. Nf3 Nc6 3. Bc4 Bc5 4. d3 h6 5. Be3 Bb4+ 6. c3 Be7 7. Nbd2 d6 8. a3
a6 9. b4 b5 10. Ba2 Bg4 11. h3 Bh5 12. O-O Nf6 13. Rc1 Qd7 14. Qc2 g5 15. Nh2 d5
16. Ndf3 d4 17. cxd4 Nxd4 18. Bxd4 exd4 19. Qxc7 Bd8 20. Qxd7+ Nxd7 21. Nxd4 Bb6
22. Nf5 Rh7 23. Nd6+ Kf8 24. Rc8+ Rxc8 25. Nxc8 Bd4 26. Rc1 Be5 27. Na7 Be2 28.
Bb1 Kg7 29. Nc6 Bf4 30. Re1 Bh5 31. d4 Rh8 32. e5 Rc8 33. Ne7 Rc4 34. Ba2 Rc3
35. Nd5 Rxa3 36. Nxf4 gxf4 37. Bd5 Nb6 38. Be4 Nc4 39. Bb7 Nd2 40. Ng4 Bxg4 41.
hxg4 a5 42. bxa5 Rxa5 43. d5 Ra7 44. Bc6 b4 45. d6 b3 46. d7 b2 47. d8=Q Ra1 48.
Qxd2 b1=Q 49. Rxb1 Rxb1+ 50. Kh2 Rb6 51. Bf3 Kg6 52. Qxf4 f6 53. Qf5+ Kg7 54. e6
Rb8 55. Be4 Rh8 56. Qg6+ Kf8 57. Qf7# 1-0

[Event "AUTO-OPEN-1453"]
[Site "http://www.queenalice.com/game.php?id=715061"]
[Date "2010.1.16"]
[Round "3"]
[White "gremista1971"]
[Black "rdononato"]
[Result "0-1"]
[WhiteElo "1772"]
[BlackElo "1982"]

1. e4 d5 2. f3 e5 3. Nc3 Nf6 4. Bb5+ c6 5. Ba4 Nbd7 6. b4 d4 7. Nce2 Bxb4 8. c3
dxc3 9. dxc3 Be7 10. Be3 O-O 11. Bb3 Nb6 12. c4 Be6 13. c5 Nbd7 14. Rc1 Qc7 15.
g4 Bxb3 16. Qxb3 Rad8 17. Nh3 Rfe8 18. Ng5 h6 19. Nxf7 Kh7 20. Nxd8 Rxd8 21. g5
hxg5 22. Bxg5 Nxc5 23. Rxc5 Bxc5 24. Ng3 Qa5+ 25. Ke2 b6 26. Rd1 Rxd1 27. Kxd1
Kg6 28. Bxf6 Kxf6 29. h4 Qb4 30. Qxb4 Bxb4 31. Kc2 Be1 32. Nf5 g6 33. Nd6 b5 34.
Kb3 a5 35. a4 Ke7 36. Nb7 Bb4 37. axb5 cxb5 38. Ka2 Kd7 39. Nxa5 Bxa5 40. Kb3
Ke6 41. Kc2 Kd6 42. Kd3 Kc5 43. Ke3 Bc7 44. Kd3 Kb4 45. Kc2 Ka3 46. Kd3 b4 47.
f4 exf4 48. Kd4 b3 49. e5 Bxe5+ 50. Kxe5 b2 51. Kxf4 b1=Q 52. Kg4 Qf5+ 53. Kg3
Kb3 54. Kg2 Kc2 55. Kg3 Kd2 56. Kg2 Ke2 57. Kg3 Qf3+ 58. Kh2 Qg4 59. h5 Kf2 60.
hxg6 Qh4# 0-1

[Event "AUTO-ADV-1886"]
[Site "http://www.queenalice.com/game.php?id=826436"]
[Date "2010.9.1"]
[Round "1"]
[White "gremista1971"]
[Black "GreyRaven"]
[Result "1-0"]
[WhiteElo "1749"]
[BlackElo "1749"]

1. e4 d6 2. Nc3 Nf6 3. Bb5+ Nc6 4. Nf3 Bd7 5. d3 g6 6. Nd5 Nxd5 7. exd5 Ne5 8.
c4 Bxb5 9. cxb5 Bg7 10. O-O O-O 11. Be3 c5 12. bxc6 bxc6 13. dxc6 Nxc6 14. d4
Rb8 15. b3 Qa5 16. Qc1 Nb4 17. Bd2 Nd3 18. Bxa5 1-0

[Event "AUTO-ADV-1886"]
[Site "http://www.queenalice.com/game.php?id=826437"]
[Date "2010.9.1"]
[Round "1"]
[White "GreyRaven"]
[Black "gremista1971"]
[Result "1-0"]
[WhiteElo "1745"]
[BlackElo "1786"]

1. e4 e5 2. Nf3 Nc6 3. g3 Nf6 4. d3 h6 5. Bg2 Nd4 6. Nxd4 exd4 7. O-O d6 8. c3
c5 9. f4 Ng4 10. f5 Nf6 11. Nd2 b5 12. Nf3 Nd7 13. cxd4 cxd4 14. Nxd4 Qb6 15.
Be3 Nc5 16. Nb3 Be7 17. Nxc5 dxc5 18. e5 Bb7 19. Bxb7 Qxb7 20. f6 gxf6 21. exf6
Bf8 22. Qc2 Rc8 23. Rae1 Kd8 24. Rf5 c4 25. dxc4 Rxc4 26. Qd3+ Kc8 27. Rd5 Bb4
28. Qf5+ Kb8 29. Red1 Rhc8 30. Rxb5 Bc5 31. Qe5+ Ka8 32. Rxb7 Bxe3+ 33. Qxe3
Kxb7 34. Rd7+ R4c7 35. Rxc7+ Rxc7 36. Qxh6 Kc6 37. a4 Rd7 38. b4 Rd1+ 39. Kg2 a6
40. Qf8 Rd2+ 41. Kh3 Rd7 42. Qc8+ Rc7 43. Qxa6+ Kd7 44. Qb5+ Kd6 45. a5 Rc8 46.
a6 Rh8+ 47. Kg2 Ke6 48. Qc6+ Kf5 49. a7 Rh6 50. a8=Q Rxf6 51. Qd5+ Kg6 52. Qg8+
Kh6 53. Qdg5# 1-0

[Event "AUTO-ADV-1886"]
[Site "http://www.queenalice.com/game.php?id=826438"]
[Date "2010.9.1"]
[Round "1"]
[White "gremista1971"]
[Black "reynegro64"]
[Result "1-0"]
[WhiteElo "1779"]
[BlackElo "1453"]

1. e4 c5 2. Bb5 a6 3. Bc4 e6 4. d3 d5 5. exd5 exd5 6. Bb3 Nf6 7. h3 Be7 8. c4 d4
9. Ba4+ Bd7 10. Bb3 O-O 11. Nf3 Nc6 12. a3 Re8 13. O-O Rc8 14. Bf4 Bf5 15. g4
Bg6 16. Ne5 Nxe5 17. Bxe5 Bd6 18. Bxf6 Qxf6 19. f3 Qh4 20. Qd2 Qxh3 21. Qg2
Qxg2+ 22. Kxg2 Bxd3 23. Rd1 Bg6 24. Nd2 Re2+ 25. Kh1 1-0

[Event "AUTO-ADV-1886"]
[Site "http://www.queenalice.com/game.php?id=826439"]
[Date "2010.9.1"]
[Round "1"]
[White "reynegro64"]
[Black "gremista1971"]
[Result "0-1"]
[WhiteElo "1705"]
[BlackElo "1765"]

1. e4 e5 2. Nf3 Nc6 3. Bb5 d6 4. d4 a6 5. Bxc6+ bxc6 6. dxe5 d5 7. exd5 cxd5 8.
O-O h6 9. Nc3 c6 10. Re1 Bc5 11. Nd4 Ne7 12. Be3 Bb6 13. e6 O-O 14. exf7+ Rxf7
15. Na4 Ba5 16. c3 Bd7 17. Qh5 Nf5 18. Nc5 Nxe3 19. Rxe3 Rb8 20. b4 Bb6 21. Nxd7
Qxd7 22. Rae1 c5 23. bxc5 Bxc5 24. h3 Bd6 25. Nf3 Re7 0-1

[Event "AUTO-ADV-1886"]
[Site "http://www.queenalice.com/game.php?id=826440"]
[Date "2010.9.1"]
[Round "1"]
[White "gremista1971"]
[Black "KAXY"]
[Result "1-0"]
[WhiteElo "1782"]
[BlackElo "1492"]

1. e4 e5 2. Nf3 d6 3. Bb5+ c6 4. Bc4 Bg4 5. h3 Bxf3 6. Qxf3 Nf6 7. g4 b5 8. Bb3
d5 9. exd5 cxd5 10. g5 e4 11. Qf5 g6 12. Qxf6 Qxf6 13. gxf6 Nd7 14. Bxd5 Bd6 15.
Bxa8 Nxf6 16. Bc6+ Kd8 17. Nc3 a6 18. a4 Kc7 19. axb5 axb5 20. Bxb5 Rb8 21. Ra7+
Kb6 22. Rxf7 Be5 23. Be2 h5 24. d3 Bxc3+ 25. bxc3 Nd5 26. Bb2 exd3 27. cxd3 Kc6
28. Bc1 Nxc3 29. Bf3+ Kc5 30. Rc7+ Kd4 31. Be3+ Kxd3 32. O-O Ne2+ 33. Bxe2+ Ke4
34. Re7+ Kf5 35. Rf7+ Ke4 36. Ba7 Rb2 37. Bf3+ Kd3 38. Rd7+ Kc4 39. Rc1+ Kb3 40.
Rb7+ Ka2 41. Bd5+ Ka3 42. Ra1+ Ra2 43. Rxa2# 1-0

[Event "AUTO-ADV-1886"]
[Site "http://www.queenalice.com/game.php?id=826441"]
[Date "2010.9.1"]
[Round "1"]
[White "KAXY"]
[Black "gremista1971"]
[Result "0-1"]
[WhiteElo "1604"]
[BlackElo "1768"]

1. d4 d5 2. e3 a6 3. Ne2 Bg4 4. f3 Bf5 5. g4 Be6 6. Nbc3 h6 7. Nf4 Qd7 8. Nxe6
Qxe6 9. Bd2 c6 10. Bd3 Nd7 11. Bf5 Qd6 12. Bxd7+ Qxd7 13. Qe2 g5 14. a3 Bg7 15.
Na4 Qc7 16. Nc5 e5 17. O-O-O Ne7 18. dxe5 Bxe5 19. h4 Qb6 20. Nd3 Bf6 21. hxg5
Bxg5 22. f4 Bf6 23. g5 Bg7 24. gxh6 Rxh6 25. Rxh6 Bxh6 26. Bc3 O-O-O 27. Bd4 c5
28. Bxc5 Qc7 29. Bd4 Nf5 30. Qg4 Qd7 31. Ne5 Qe6 32. Rh1 Nxd4 33. Qxe6+ Nxe6 34.
Rxh6 Rf8 35. f5 Ng5 36. Rf6 Kd8 37. Kd2 Ne4+ 38. Kd3 Nxf6 39. Kd4 Nd7 40. Nxd7
Kxd7 41. Kxd5 Rd8 42. Ke4 f6 43. c4 b6 44. Kd5 Rh8 45. b4 Rh2 46. a4 Ra2 47. a5
bxa5 48. bxa5 Rxa5+ 49. c5 Rb5 50. e4 a5 51. Kc4 Kc6 52. Kd4 Rxc5 53. Ke3 a4 54.
Kf4 a3 55. Kg4 a2 56. Kh5 a1=Q 57. Kg6 Qe5 58. Kg7 Qxe4 59. Kxf6 Rxf5+ 60. Kg6
Qg4+ 61. Kh7 Rh5# 0-1

[Event "AUTO-ADV-1886"]
[Site "http://www.queenalice.com/game.php?id=921306"]
[Date "2011.4.3"]
[Round "2"]
[White "faresjo"]
[Black "gremista1971"]
[Result "1-0"]
[WhiteElo "1947"]
[BlackElo "1777"]

1. e4 e5 2. Nf3 Nc6 3. Bb5 Nf6 4. O-O Bd6 5. d3 a6 6. Ba4 b5 7. Bb3 Nd4 8. Nxd4
exd4 9. Re1 Be5 10. f4 Bd6 11. e5 Be7 12. exf6 gxf6 13. Qf3 c6 14. Qh5 O-O 15.
f5 Bb4 16. Re4 d5 17. Rh4 Qe7 18. Qxh7# 1-0

[Event "AUTO-ADV-1886"]
[Site "http://www.queenalice.com/game.php?id=921307"]
[Date "2011.4.3"]
[Round "2"]
[White "gremista1971"]
[Black "faresjo"]
[Result "0-1"]
[WhiteElo "1785"]
[BlackElo "2002"]

1. e4 c5 2. Bc4 Nc6 3. Qf3 Ne5 4. Qb3 Nxc4 5. Qxc4 d6 6. Nc3 Nf6 7. d3 g6 8. f3
Bg7 9. g4 O-O 10. Nd5 Nxd5 11. exd5 Bd7 12. Bd2 Bxb2 13. Rb1 Bg7 14. Rxb7 e6 15.
g5 Qc8 16. Rb1 Rb8 17. Rb3 Rxb3 18. Qxb3 exd5 19. Qxd5 Qb8 20. Ne2 Be6 21. Qe4
Re8 22. Qa4 Bd5 23. Kf2 Re7 24. Nf4 Bd4+ 25. Kg3 Ba8 26. c3 Be5 27. d4 Qb7 28.
Rf1 cxd4 29. cxd4 Bg7 30. d5 Qb2 31. Rf2 Qe5 32. h4 Bxd5 33. Kg2 Bb7 34. Nd3 Qf5
35. Nf4 Qg4+ 36. Kf1 Qxh4 37. Ng2 Qxa4 38. Kg1 Bd4 39. Be3 Bxe3 40. Nxe3 Rxe3
41. Kg2 Qg4+ 42. Kf1 Ba6+ 43. Re2 Qxf3+ 44. Ke1 Qxe2# 0-1

[Event "AUTO-ADV-1886"]
[Site "http://www.queenalice.com/game.php?id=921312"]
[Date "2011.4.3"]
[Round "2"]
[White "gremista1971"]
[Black "lelinho"]
[Result "0-1"]
[WhiteElo "1762"]
[BlackElo "2193"]

1. e4 c5 2. Bc4 d6 3. Qf3 Nf6 4. h3 Nc6 5. c3 e6 6. g4 a6 7. d3 Ne5 8. Qe3 Nxc4
9. dxc4 Be7 10. Nf3 e5 11. O-O h5 12. Nh2 hxg4 13. hxg4 Rxh2 14. g5 Ng4 15. Qg3
Bxg5 16. Bxg5 Qxg5 17. Re1 Qh6 18. Na3 Be6 19. Rad1 O-O-O 20. b3 Rh8 21. Rf1 Rh3
22. Kg2 Rxg3+ 23. fxg3 Ne3+ 24. Kf2 Nxd1+ 25. Rxd1 Qh2+ 26. Kf3 Bg4+ 27. Kxg4
Qe2+ 28. Kg5 Qh5# 0-1

[Event "AUTO-ADV-1886"]
[Site "http://www.queenalice.com/game.php?id=921313"]
[Date "2011.4.3"]
[Round "2"]
[White "lelinho"]
[Black "gremista1971"]
[Result "1-0"]
[WhiteElo "2192"]
[BlackElo "1787"]

1. d4 Nf6 2. c4 d6 3. Nc3 c6 4. e4 Bg4 5. Be2 h5 6. h3 Be6 7. Nf3 d5 8. e5 Ne4
9. O-O Nxc3 10. bxc3 dxc4 11. a4 a6 12. Ng5 Bd5 13. Re1 g6 14. f4 f6 15. exf6
exf6 16. Bxc4+ Be7 17. Bxd5 cxd5 18. Ne6 Qd7 19. Ng7+ Kd8 20. Ne6+ Kc8 21. Qb3
Nc6 22. a5 Bd6 23. Qxd5 Ne7 24. Qc4+ Kb8 25. Be3 Rc8 26. Qb3 Nf5 27. Bf2 h4 28.
Rab1 Qb5 29. Qa2 Qd7 30. c4 Re8 31. d5 g5 32. c5 Bxf4 33. c6 Qd6 34. Rxb7+ Kc8
35. Rc7+ Qxc7 36. Nxc7 Bxc7 37. Rxe8+ Bd8 38. Bb6 Ne7 39. Rxd8# 1-0

[Event "AUTO-ADV-1886"]
[Site "http://www.queenalice.com/game.php?id=921314"]
[Date "2011.4.3"]
[Round "2"]
[White "gremista1971"]
[Black "thewhitebishop"]
[Result "1-0"]
[WhiteElo "1760"]
[BlackElo "2024"]

1. e4 Nf6 2. Nc3 d5 3. d3 d4 4. Nce2 e5 5. Nf3 c5 6. h3 b5 7. Nxe5 Bd6 8. f4 Nh5
9. Nf3 Bb7 10. g4 f5 11. gxh5 fxe4 12. dxe4 Bxe4 13. Bg2 O-O 14. O-O Nc6 15. a3
Qb6 16. Ng5 Bxg2 17. Kxg2 h6 18. Ne4 Bc7 19. N2g3 Rae8 20. Qg4 Nd8 21. Bd2 a5
22. f5 Be5 23. Rf3 c4 24. c3 d3 25. Be3 Qc6 26. Raf1 b4 27. f6 Bxf6 28. Rxf6
Rxf6 29. Rxf6 Qb7 30. Bxh6 bxc3 31. bxc3 Qb2+ 32. Kf3 Re7 33. Rg6 Qb7 34. Nf5
Ne6 35. Nxe7+ Qxe7 36. Nf6+ Kh8 37. Bxg7+ Nxg7 38. Rh6# 1-0

[Event "AUTO-ADV-1886"]
[Site "http://www.queenalice.com/game.php?id=921315"]
[Date "2011.4.3"]
[Round "2"]
[White "thewhitebishop"]
[Black "gremista1971"]
[Result "1-0"]
[WhiteElo "2018"]
[BlackElo "1768"]

1. d4 e6 2. c4 c5 3. d5 exd5 4. cxd5 h6 5. e4 d6 6. Nc3 a6 7. f4 Nf6 8. Bd3 b5
9. b3 Bg4 10. Qc2 h5 11. f5 h4 12. h3 b4 13. hxg4 bxc3 14. g5 Ng4 15. Qxc3 Be7
16. Qxg7 Rf8 17. Rxh4 Ne5 18. Be2 f6 19. g6 Kd7 20. Qh7 a5 21. g7 Rg8 22. Nh3
Nf7 23. Bh6 Ng5 24. Nxg5 fxg5 25. Rh5 Bf6 26. O-O-O Ke7 27. Rxg5 Qe8 28. Bh5 Qd8
29. Qg6 Nd7 30. Qf7# 1-0